Brazil in brief.
| Format: | Book |
|---|---|
| Published: |
Washington,DC:
Brazillian Embassy,
1997.
|
| Subjects: |
| LEADER | 00376cam a2200145 7i4500 | ||
|---|---|---|---|
| 001 | 0000007170 | ||
| 005 | 19991102090000.0 | ||
| 002 | ##000007830 | ||
| 020 | 0 | 0 | |a T000006051 |
| 090 | 0 | 0 | |a BRAZ 981 |b BRA |
| 245 | 0 | 0 | |a Brazil in brief. |
| 260 | 0 | 0 | |a Washington,DC: |b Brazillian Embassy, |c 1997. |
| 300 | 0 | 0 | |a 45 p.. |
| 650 | 0 | 0 | |a Brazil |
| 999 | |a 0000008433 |b Book |c Open shelf |e Business Information Centre | ||